Polohlasom : bizarné poviedky /

Hlavní autor: Karvaš, Peter, 1920-1999
Jazyk: Slovenština
Vydáno: Bratislava : Vydavateľstvo Spolku slovenských spisovateľov, c2006
Vydání: 1. vyd.
Edice: Moja klasika
Témata:
Fyzický popis: 230 s. ; 21 cm
Knihy
Uloženo v:
LEADER 01025nam a2200313 a 4500
001 000890060
003 CZ BrMZK
005 20080410151148.0
007 ta
008 080318s2006 xo g 000 j slo
020 |a 80-8061-263-3  |q (váz.) 
040 |a BOA001  |b cze 
072 7 |a 821.162.4  |x Slovenská literatura  |2 Konspekt  |9 25 
080 |a 821.162.4-32  |2 MRF 
080 |a (0:82-32)  |2 MRF 
100 1 |a Karvaš, Peter,  |d 1920-1999  |7 jn19990210318  |4 aut 
245 1 0 |a Polohlasom :  |b bizarné poviedky /  |c Peter Karvaš 
250 |a 1. vyd. 
260 |a Bratislava :  |b Vydavateľstvo Spolku slovenských spisovateľov,  |c c2006 
300 |a 230 s. ;  |c 21 cm 
490 1 |a Moja klasika 
504 |a Obsahuje bibliografii 
541 |a Bratislava, Univerzitná knižnica 
655 7 |a slovenské povídky  |7 fd133449  |2 czenas 
830 0 |a Moja klasika 
910 2 |a BOA001  |b 2-1199.777 
990 |a BK 
991 |b 200804 
996 7 |b 2610338498  |c 2-1199.777  |l MZK  |r Sklad / do 1 hodiny  |n 1  |p vým.  |w 000890060  |u 000010  |a 1  |e BOA001  |j MZK50  |s A